000 00535nmm a2200169Ia 4500
008 251105s9999||||xx |||||||||||||||||und||
020 _a9788495354693
041 _aspa
100 _aSádaba, Javier
245 0 _aLa Filosofía contada con sencillez :
_b Un libro para todos los que desean filosofar.
264 _a[Madrid, España] :
_bMaeva Ediciones,
_c2002
300 _a0 páginas
490 _aContado con Sencillez
650 _aPhilosophy, Ethics
856 _uhttps://public.digitaliapublishing.com/a/31605
942 _cCF
999 _c89584
_d89584